00584nam a2200205 a 4500001001300000003000900013005001700022008004100039020002300080082001700103100002500120245004800145260003200193300000900225500003500234505003900269650001900308650002600327700002500353nice12345678IN_TiNIC20260116015016.0050524s1994 mara grp 000 0 eng  a0936347 c10000a492.715bTHA aThackston, Wheeler M aIntroduction to Koranic and Classical Arabi aMarylandbIran Books c1994 a327p aincludes index and biblioraphy2 aElementary Grammar of the Language aArabic-Grammar aQuran-Language, Style1 aThackston, Wheeler M